U.S. Second Ladies and Gentlemen - Statistics

General Stats
  • This quiz has been taken 29 times
  • The average score is 21 of 39
Answer Stats
# Vice President Second Lady/Gentleman % Correct
44 George H. W. Bush Barbara Bush
95%
41 Gerald Ford Elizabeth "Betty" Ford
95%
48 Joe Biden Jill Biden
90%
1 John Adams Abigail Adams
85%
12 Millard Fillmore Abigail Fillmore
85%
34 Harry S. Truman Bess Truman
85%
38 Lyndon B. Johnson Claudia "Lady Bird" Johnson
80%
46 Al Gore Mary Elizabeth "Tipper" Gore
80%
21 Thomas A. Hendricks Eliza Hendricks
75%
16 Andrew Johnson Eliza McCardle Johnson
75%
14 John C. Breckinridge Mary Cyrene Burch Breckinridge
65%
37 Richard Nixon Pat Nixon
65%
25 Theodore Roosevelt Edith Roosevelt
60%
5 Elbridge Gerry Ann Gerry
55%
50 Kamala Harris Douglas Craig Emhoff
55%
29 Calvin Coolidge Grace Coolidge
55%
22 Levi P. Morton Anna Morton
50%
36 Alben W. Barkley Jane Hadley Barkley
50%
49 Mike Pence Karen Pence
50%
47 Dick Cheney Lynne Cheney
50%
40 Spiro Agnew Elinor "Judy" Agnew
45%
42 Nelson Rockefeller Margaretta "Happy" Rockefeller
45%
6 Daniel D. Tompkins Hannah Tompkins
40%
43 Walter Mondale Joan Mondale
40%
23 Adlai Stevenson I Letitia Stevenson
40%
10 John Tyler Letitia Tyler
40%
45 Dan Quayle Marilyn Quayle
40%
15 Hannibal Hamlin Ellen Hamlin
35%
17 Schuyler Colfax Ellen Maria Colfax
35%
28 Thomas R. Marshall Lois Irene Marshall
35%
30 Charles G. Dawes Caro Dawes
30%
27 James S. Sherman Carrie Babcock Sherman
30%
26 Charles W. Fairbanks Cornelia "Nellie" Cole Fairbanks
30%
24 Garret Hobart Esther Jane "Jennie" Hobart
30%
7 John C. Calhoun Floride Bonneau Calhoun
30%
33 Henry A. Wallace Ilo Wallace
30%
32 John Nance Garner Mariette Elizabeth "Ettie" Garner
30%
39 Hubert Humphrey Muriel Humphrey Brown
30%
11 George M. Dallas Sophia Dallas
30%
No matching quizzes found
Score Distribution
Percent of People with Each Score
Percentile by Number Answered
Your Score History
You have not taken this quiz